Ranking ATP 2024 - TOP 50 - Statystyki

Ogólne statystyki
  • Ten quiz został rozwiązany 379 razy
  • Średni wynik to 26 z 50
Statystyki odpowiedzi
Miejsce Zawodnik Kraj Punkty % Poprawnych
3 Carlos Alcaraz Hiszpania 8130
98%
1 Jannik Sinner Włochy 9890
98%
2 Novak Djoković Serbia 8360
98%
7 Hubert Hurkacz Polska 4235
96%
4 Alexander Zverev Niemcy 6905
93%
5 Daniil Medvedev Rosja 6445
89%
11 Stefanos Tsitsipas Grecja 3745
88%
8 Casper Ruud Norwegia 4025
87%
10 Grigor Dimitrov Bułgaria 3750
85%
15 Holger Rune Dania 2370
82%
6 Andrey Rublev Rosja 4420
81%
9 Alex de Minaur Australia 3830
79%
12 Taylor Fritz Stany Zjednoczone 3150
79%
22 Alexander Bublik Kazachstan 1730
67%
14 Ben Shelton Stany Zjednoczone 2595
67%
13 Tommy Paul Stany Zjednoczone 3100
66%
17 Félix Auger-Aliassime Kanada 2075
65%
33 Arthur Fils Francja 1250
63%
29 Frances Tiafoe Stany Zjednoczone 1355
63%
25 Lorenzo Musetti Włochy 1620
57%
16 Ugo Humbert Francja 2300
54%
23 Alejandro Tabilo Chile 1704
49%
28 Jack Draper Wielka Brytania 1461
48%
19 Nicolás Jarry Chile 1825
48%
18 Sebastián Báez Argentyna 2020
48%
39 Gaël Monfils Francja 1210
46%
27 Tallon Griekspoor Holandia 1470
45%
30 Francisco Cerúndolo Argentyna 1315
44%
21 Karen Khachanov Rosja 1780
44%
26 Jiří Lehečka Czechy 1585
43%
49 Nuno Borges Portugalia 936
42%
38 Tomáš Macháč Czechy 1214
40%
37 Zhizhen Zhang Chiny 1221
39%
43 Fábián Marozsán Węgry 1047
31%
42 Cameron Norrie Wielka Brytania 1070
30%
41 Jan Lennard Struff Niemcy 1135
30%
20 Sebastian Korda Stany Zjednoczone 1795
29%
31 Tomás Martín Etcheverry Argentyna 1290
29%
35 Alejandro Davidovich Fokina Hiszpania 1240
28%
47 Flavio Cobolli Włochy 980
27%
40 Jordan Thompson Australia 1206
23%
50 Laslo Djere Serbia 936
23%
24 Adrian Mannarino Francja 1625
21%
36 Luciano Darderi Włochy 1236
21%
46 Alexei Popyrin Australia 981
20%
48 Pedro Martínez Hiszpania 975
20%
34 Matteo Arnaldi Włochy 1245
19%
32 Mariano Navone Argentyna 1282
17%
45 Marcos Giron Stany Zjednoczone 1020
11%
44 Roman Safiullin Rosja 1045
8%
Nie znaleziono quizów pasujących do podanych kryteriów
Rozkład punktacji
Procent ludzi z każdym wynikiem
Percentyl według liczby udzielonych odpowiedzi
Twoja historia wyników
Nie rozwiązałeś tego quizu